UBT Library

Leading the learning organization : (Record no. 47294)

000 -LEADER
fixed length control field 00995cam a22002654a 4500
001 - CONTROL NUMBER
control field 739841
005 - DATE AND TIME OF LATEST TRANSACTION
control field 20180823090111.0
008 - FIXED-LENGTH DATA ELEMENTS--GENERAL INFORMATION
fixed length control field 990105s2000 nyua b 001 0 eng
010 ## - LIBRARY OF CONGRESS CONTROL NUMBER
LC control number 99011338
020 ## - INTERNATIONAL STANDARD BOOK NUMBER
International Standard Book Number 0791443671 (hc : alk. paper)
020 ## - INTERNATIONAL STANDARD BOOK NUMBER
International Standard Book Number 079144368X (pbk. : alk. paper)
040 ## - CATALOGING SOURCE
Original cataloging agency DLC
Transcribing agency DLC
Modifying agency DLC
041 ## - LANGUAGE CODE
Language code of text/sound track or separate title eng
042 ## - AUTHENTICATION CODE
Authentication code pcc
080 ## - UNIVERSAL DECIMAL CLASSIFICATION NUMBER
Universal Decimal Classification number 658.4063
082 00 - DEWEY DECIMAL CLASSIFICATION NUMBER
Classification number 658.4063
Edition number 21
100 1# - Rafti
Rafti 54
101 ## - Shkurtesa
Shkurtesa MAN
245 10 - TITLE STATEMENT
Title Leading the learning organization :
Statement of responsibility, etc Alan T. Belasen ; foreword by Michael V. Fortunato.
504 ## - BIBLIOGRAPHY, ETC. NOTE
Bibliography, etc Includes bibliographical references (p. 431-449) and index.
906 ## - LOCAL DATA ELEMENT F, LDF (RLIN)
a 7
b cbc
c orignew
d 1
e ocip
f 19
g y-gencatlg
942 ## - ADDED ENTRY ELEMENTS (KOHA)
Source of classification or shelving scheme
Item type Books
Holdings
Withdrawn status Lost status Source of classification or shelving scheme Damaged status Not for loan Collection code Permanent location Current location Shelving location Date acquired Total Checkouts Full call number Barcode Date last seen Price effective from Koha item type
          Koleksioni i përgjithshem UBT - Lipjan UBT - Lipjan Koleksioni i përgjithshem 08/23/2018   658.4063 BEL 002-3012059 08/23/2018 08/23/2018 Books
UBT Library © 2015-2024. All rights reserved University Education for Business and Technology